书目信息 |
| 题名: |
课程思政"三金"优秀教学设计案例
|
|
| 作者: | 张启鸿 , 姚光业 主编 | |
| 分册: | 1 第二辑 | |
| 出版信息: | 北京 首都经济贸易大学出版社 2021.09 |
|
| 页数: | 318页 | |
| 开本: | 24cm | |
| 丛书名: | ||
| 单 册: | ||
| 中图分类: | G711 | |
| 科图分类: | ||
| 主题词: | 教育--类型 | |
| 电子资源: | ||
| ISBN: | 978-7-5638-3253-8 | |
| 000 | 00727nam0 2200217 45 | |
| 001 | 2354436526 | |
| 005 | 20230209154859.08 | |
| 010 | @a978-7-5638-3253-8@dCNY 65.00 | |
| 100 | @a20230209d2021 km y0chiy0120 ea | |
| 101 | 0 | @achi |
| 102 | @aCN@b110000 | |
| 200 | 1 | @a课程思政"三金"优秀教学设计案例@Ake cheng si zheng"san jin"you xiu jiao xue she ji an li@h1@i第二辑@f张启鸿,姚光业 主编@Fzhang qi hong,yao guang ye zhu bian |
| 210 | @a北京@c首都经济贸易大学出版社@d2021.09 | |
| 215 | @a318页@d24cm | |
| 517 | @a第二辑@Adi er ji | |
| 606 | 0 | @a教育@x类型 |
| 690 | @aG711@v4 | |
| 701 | 0 | @a张启鸿@Azhang qi hong@4主编 |
| 701 | 0 | @a姚光业@Ayao guang ye@4主编 |
| 801 | 0 | @aCN@b河南城建学院图书馆@c20230209 |
| 905 | @dG711@eZ152:2 | |
| 课程思政"三金"优秀教学设计案例.1.第二辑/张启鸿,姚光业 主编.-北京:首都经济贸易大学出版社,2021.09 |
| 318页;24cm |
| ISBN 978-7-5638-3253-8:CNY 65.00 |
| ● |
| 相关链接 |
|
|
|
正题名:课程思政"三金"优秀教学设计案例
索取号:G711/Z152:2
 
预约/预借
| 序号 | 登录号 | 条形码 | 馆藏地/架位号 | 状态 | 备注 |
| 1 | 1507904 | 215079046 | 材料与化工学院资料室/ [索取号:G711/Z152:2] | 在馆 | |
| 2 | 1507905 | 215079055 | 材料与化工学院资料室/ [索取号:G711/Z152:2] | 在馆 |